000 00698nam a22002417a 4500
999 _c376632
_d376632
001 90288
003 UA-OsUOA
005 20200302153711.0
007 ta
008 20121115b un ||||| |||| 00| 0 ukr d
020 _a57070697Х3
040 _aUA-OsUOA
_bukr
_cUA-OsUOA
_dUA-OsUOA
041 _aukr
080 _a821.161.2
090 _a821.161.2
_bЛ48
100 _aЛепкий Б.
245 _aЗ-під полтави до бендер: крутіж
_bісторичні повісті
260 _aЛьвів
_bЧервона Калина
_c1991
300 _a406 с.
650 7 _a82 Література. Літературознавство
_2UDC
942 _cBK
_2udc
955 _a3